000 00844nab a2200253 u 4500
001 17775
003 HDC
007 cr bn ---aaaaa
008 210225c |r|noo 0 a d
040 _aHDC
100 _aZamri Zainal,
_eauthor
_912896
245 0 _aIssue on dubious halal food labelling raised /
_cby Zamri Zainal
260 _aBrunei :
_bBrunei Times PLC,
_c2011
336 _atext
_2rdacontent
337 _acomputer
_2rdamedia
338 _aonline resource
_2rdacarrier
650 _aHalal food labelling
_916993
650 _aHalal food products
_92437
710 _aThe Brunei Times
856 _zRequest full-text at [email protected]
942 _2lcc
942 _cNEWS
942 _kNWSO 009464
999 _c15091
_d15091